000 00694nam a22002537a 4500
001 BR5000126
003 BR-BrBNA
005 20230928082937.0
007 ta
008 230509b bl.||||| |||| 00| 0 por d
040 _aBR-BrBNA
_bpor
_cBiblioteca Nacional de Agricultura
041 _a(Por)
072 _aE40; B50
090 _ E40 BR5000126
100 1 _aPereira, D.B.
110 1 _aCentro Nacional de Estudos Cooperativos, Rio de Janeiro, GB (Brasil)
_91725
245 1 _aNocoes sobre o cooperativismo
260 3 _aRio de Janeiro, GB (Brasil):
_c1950.
300 _a11 p.
650 _aCOOPERATIVA
650 _aHISTORIA
909 _a202309
_bLucia
_c55
_dLucia Elande
942 _cBK
999 _c10750
_d10750